| 000 | 00525nam a2200193Ia 4500 | ||
|---|---|---|---|
| 999 |
_c15196 _d15196 |
||
| 003 | OSt | ||
| 005 | 20230905142810.0 | ||
| 008 | 190216s9999||||xx |||||||||||||| ||und|| | ||
| 020 | _a9788129108180 | ||
| 040 | _coclc | ||
| 082 |
_a823 _bBHA/O |
||
| 100 |
_aBhagat, Chetan _96028 |
||
| 245 | 0 |
_aOne Night @ The Call Center / _cChetan Bhagat |
|
| 250 | _a2nd Ed. | ||
| 260 |
_bRupa Publications, _c2012. _aNew Delhi: |
||
| 300 | _a257p | ||
| 650 | _aEng | ||
| 942 |
_cBK _2ddc _h823 _iBHA/O _k823 _mBHA/O |
||